Music Quiz

Random Music or Lyrics Quiz

'How Deep Is Your Love' Lyrics Quiz Stats

 Plays Quiz not verified by Sporcle

Challenge
Share
Tweet
Embed
Score 0/186 Timer 07:00
1 Play Today
% Correct
[Chorus]
100%
[Chorus]
100%
[Chorus]
100%
[Chorus]
100%
I
99.5%
I
99.5%
I
99.5%
I
99.5%
I
99.5%
I
99.5%
I
99.5%
I
99.5%
you
99.4%
you
99.4%
you
99.4%
you
99.4%
you
99.4%
you
99.4%
you
99.4%
you
99.4%
You
99.4%
you
99.4%
you
99.4%
you
99.4%
you
99.4%
you
99.4%
you
99.4%
you
99.4%
your
98.9%
your
98.9%
your
98.9%
your
98.9%
your
98.9%
your
98.9%
deep
98.9%
deep
98.9%
deep
98.9%
How
98.7%
How
98.7%
How
98.7%
love
98.7%
love?
98.7%
love
98.7%
love
98.7%
love
98.7%
is
98.6%
is
98.6%
is
98.6%
a
96.3%
a
96.3%
a
96.3%
to
95.5%
to
95.4%
to
95.4%
to
95.4%
to
95.4%
to
95.4%
to
95.4%
to
95.4%
to
95.4%
in
95.3%
in
95.3%
% Correct
in
95.3%
in
95.3%
in
95.3%
in
95.3%
in
95.3%
in
95.3%
me
93.7%
me
93.7%
me
93.7%
me
93.7%
me
93.7%
me
93.7%
me
93.7%
me
93.7%
me
93.7%
me
93.7%
the
93.1%
the
93.1%
the
93.1%
the
93.1%
the
93.1%
And
92.4%
And
92.4%
And
92.4%
and
92.4%
And
92.4%
And
92.4%
And
92.4%
And
92.4%
need
91.1%
need
91.1%
need
91.1%
need
91.1%
We
90%
know
89.6%
know
89.6%
know
89.6%
really
88.8%
really
88.8%
of
88.7%
be
88.7%
do
88.4%
living
87.3%
world
87.3%
we're
87.1%
'Cause
85.5%
us
85.2%
us
85.2%
down
84.5%
down
84.5%
When
82.5%
when
82.5%
When
82.5%
on
80.4%
on
80.4%
all
79.6%
my
79.5%
my
79.5%
my
79.5%
my
79.5%
let
79.3%
belong
78.2%
% Correct
come
77.6%
come
77.6%
it's
76.6%
it's
76.6%
it's
76.6%
that
76.2%
That
76.2%
show
74.9%
show
74.9%
show
74.9%
feel
74.8%
want
74.8%
feel
74.8%
morning
74.5%
should
74%
fools
73.9%
they
73.9%
Breakin’
73.5%
sun
73.1%
summer
71.8%
summer
71.8%
breeze
70.1%
breeze,
70.1%
rain
69.8%
arms
69.4%
touch
67.9%
again
67.3%
believe
66%
pouring
65.1%
from
64.9%
for
64.7%
eyes
64.7%
Keep
64.5%
Keep
64.5%
warm
62.1%
warm
62.1%
You're
60.8%
You're
60.8%
moment
59.1%
learn
58.5%
not
56.4%
inside
54.8%
far
52.9%
Then
51.7%
Then
51.7%
light
51.6%
care
51.3%
softly
50.2%
softly
50.2%
may
49.9%
think
49.7%
wander
49.5%
darkest
49%
deepest,
46.6%
soul
43.4%
fall
43.1%
leave
42.1%
leave
42.1%
savior
41.3%
very
39.4%
hour
39.4%
door
34.6%

You're not logged in!

Compare scores with friends on all Sporcle quizzes.
OR
Log In

You Might Also Like...

Show Comments

Extras

Created May 21, 2012ReportNominate
Tags:Lyrics Quiz, bee, Bee Gees, deep, gee, love

Top Quizzes Today


Score Distribution

Your Account Isn't Verified!

In order to create a playlist on Sporcle, you need to verify the email address you used during registration. Go to your Sporcle Settings to finish the process.

Report this User

Report this user for behavior that violates our Community Guidelines.

Details: